Personnages fictifs par nationalité - Statistiques

Statistiques générales
  • Ce quiz a été pris 1 177 fois
  • Le résultat moyen est 13 sur 20
Statistiques - réponses
Personnage Nationalité % Correct
James Bond Royaume-Uni
96%
Jean Valjean France
95%
Don Quichotte Espagne
92%
Indiana Jones États-Unis
92%
Sadako Yamamura Japon
92%
Speedy Gonzales Mexique
90%
Mulan Chine
85%
Roméo Montaigu Italie
76%
Numérobis Égypte
75%
Dracula Roumanie
74%
Otto Lidenbrock Allemagne
72%
Hercule Poirot Belgique
68%
Michel Strogoff Russie
57%
Wolverine Canada
54%
Hamlet Danemark
40%
Tony Montana Cuba
31%
Magnéto Pologne
29%
Alexis Zorba Grèce
28%
Victor Frankenstein Suisse
22%
Capitaine Némo Inde
11%
Aucun quiz correspondant
Distribution des résultats
% des personnes avec chaque résultat
Percentile par nombre de réponses
Votre historique - résultats
Vous n’avez pas pris ce quiz